| 000 | 00817nam a22002537a 4500 | ||
|---|---|---|---|
| 003 | NALT | ||
| 005 | 20250408135518.0 | ||
| 008 | s1999 th eng d | ||
| 020 | _a1855647591 | ||
| 040 | _aNALT | ||
| 041 | _aeng | ||
| 050 |
_aHC 810 _bK62M 1999 |
||
| 100 | 1 |
_aKochan, Nicholas _935042 |
|
| 245 | 1 | 0 |
_aMorocco meeting the challenge [พิพิธภัณฑ์] / _cNicholas Kochan and Matthew Humphreys. |
| 260 |
_aLondon : _bEuromoney Publications, _c1999. |
||
| 300 |
_a182 p. : _bill., tables ; _c29 cm. |
||
| 650 | 0 |
_aFinance _935046 _xMorocco |
|
| 651 | 0 |
_935043 _aMorocco _xHistory |
|
| 651 | 0 |
_935044 _aMorocco _xEconomic conditions _y1990- |
|
| 651 | 0 |
_935045 _aMorocco _xPolitics and government _y1990- |
|
| 700 | 1 |
_935041 _aHumphreys, Matthew |
|
| 850 | _aNALT | ||
| 942 |
_cGB _2lcc |
||
| 999 |
_c73909 _d73909 |
||
| 998 |
_j104 _k นางสาวสายฝน ดีงาม |
||